<?xml version="1.0" encoding="UTF-8"?>
<collection xmlns="http://www.loc.gov/MARC21/slim">
    <record>
        <controlfield tag="001">98519</controlfield>
        <controlfield tag="005">20210211114113.0</controlfield>
        <datafield tag="037" ind1=" " ind2=" ">
            <subfield code="a">TAZ-TFM-2020-1399</subfield>
        </datafield>
        <datafield tag="041" ind1=" " ind2=" ">
            <subfield code="a">spa</subfield>
        </datafield>
        <datafield tag="100" ind1="1" ind2=" ">
            <subfield code="a">Villanueva Lucas, Paula</subfield>
        </datafield>
        <datafield tag="242" ind1="0" ind2="0">
            <subfield code="a">The rewritings of Cinderella and Snow White by Mistral, Valenzuela and Shua: A literary education proposal in Secondary</subfield>
        </datafield>
        <datafield tag="245" ind1="0" ind2="0">
            <subfield code="a">Las reescrituras de Cenicienta y Blancanieves realizadas por Mistral, Valenzuela y Shua: Una propuesta de educación literaria en la etapa de Secundaria</subfield>
        </datafield>
        <datafield tag="260" ind1=" " ind2=" ">
            <subfield code="a">Zaragoza</subfield>
            <subfield code="b">Universidad de Zaragoza</subfield>
            <subfield code="c">2020</subfield>
        </datafield>
        <datafield tag="500" ind1=" " ind2=" ">
            <subfield code="a">Resumen disponible también en inglés.</subfield>
        </datafield>
        <datafield tag="506" ind1=" " ind2=" ">
            <subfield code="a">by-nc-sa</subfield>
            <subfield code="b">Creative Commons</subfield>
            <subfield code="c">3.0</subfield>
            <subfield code="u">http://creativecommons.org/licenses/by-nc-sa/3.0/</subfield>
        </datafield>
        <datafield tag="520" ind1=" " ind2=" ">
            <subfield code="a">Este Trabajo Fin de Máster aborda el estudio de las reescrituras de dos cuentos maravillosos, Cenicienta y Blancanieves, de las autoras hispanoamericanas Gabriela Mistral, Luisa Valenzuela y Ana María Shua, como recurso para la formación de lectores en Educación Secundaria. En primer lugar, se expone un marco teórico centrado en la evolución y concepto actual de la educación literaria, en cómo la Literatura Infantil y Juvenil y los cuentos populares de tradición oral, por su característica intertextual, contribuyen a la formación del lector, y en el análisis del corpus de las reescrituras seleccionadas. En segundo lugar, se presenta una propuesta didáctica sustentada en la fundamentación teórica, especialmente en la conversación literaria de Aidan Chambers (2007) y en las técnicas de escritura creativa de Gianni Rodari (2007). El objetivo es favorecer la educación literaria de un grupo de 2º de ESO a través de la lectura, la conversación y la reescritura de versiones de cuentos populares. A pesar de las dificultades coyunturales imprevistas, su implementación muestra unos resultados positivos, observables en las respuestas orales y en las producciones escritas del alumnado participante.&lt;br /></subfield>
        </datafield>
        <datafield tag="521" ind1=" " ind2=" ">
            <subfield code="a">Máster Universitario en Profesorado de Educación Secundaria Obligatoria, Bachillerato, Formación Profesional y Enseñanza de Idiomas, Artísticas y Deportivas</subfield>
        </datafield>
        <datafield tag="540" ind1=" " ind2=" ">
            <subfield code="a">Derechos regulados por licencia Creative Commons</subfield>
        </datafield>
        <datafield tag="700" ind1=" " ind2=" ">
            <subfield code="a">Colón Castillo, María Jesús</subfield>
            <subfield code="e">dir.</subfield>
        </datafield>
        <datafield tag="710" ind1="2" ind2=" ">
            <subfield code="a">Universidad de Zaragoza</subfield>
            <subfield code="b">Didáctica de las Lenguas y de las Ciencias Humanas y Sociales</subfield>
            <subfield code="c">Didáctica de la Lengua y la Literatura</subfield>
        </datafield>
        <datafield tag="856" ind1="0" ind2=" ">
            <subfield code="f">722026@unizar.es</subfield>
        </datafield>
        <datafield tag="856" ind1="4" ind2=" ">
            <subfield code="s">74819625</subfield>
            <subfield code="u">http://zaguan.unizar.es/record/98519/files/TAZ-TFM-2020-1399_ANE.pdf</subfield>
            <subfield code="y">Anexos (spa)</subfield>
        </datafield>
        <datafield tag="856" ind1="4" ind2=" ">
            <subfield code="s">756341</subfield>
            <subfield code="u">http://zaguan.unizar.es/record/98519/files/TAZ-TFM-2020-1399.pdf</subfield>
            <subfield code="y">Memoria (spa)</subfield>
        </datafield>
        <datafield tag="909" ind1="C" ind2="O">
            <subfield code="o">oai:zaguan.unizar.es:98519</subfield>
            <subfield code="p">driver</subfield>
            <subfield code="p">trabajos-fin-master</subfield>
        </datafield>
        <datafield tag="950" ind1=" " ind2=" ">
            <subfield code="a"></subfield>
        </datafield>
        <datafield tag="951" ind1=" " ind2=" ">
            <subfield code="a">deposita:2021-02-11</subfield>
        </datafield>
        <datafield tag="980" ind1=" " ind2=" ">
            <subfield code="a">TAZ</subfield>
            <subfield code="b">TFM</subfield>
            <subfield code="c">FEDU</subfield>
        </datafield>
        <datafield tag="999" ind1=" " ind2=" ">
            <subfield code="a">20201120120252.CREATION_DATE</subfield>
        </datafield>
    </record>

    
</collection>